000 00775nam a2200289Ia 4500
003 OSt
005 20221006144532.0
006 a|||||r|||| 00| 0
007 ta
008 221006b |||||||| |||| 00| 0 eng d
020 _a0706901940
_c20.00
020 _a9780706901948
024 _a11,917
037 _cTextual
040 _aEASL
_cEASL
_beng
041 _2eng
_aeng
082 _aV2:1944Q7.N7, L2
100 _aNayar Kuldip
245 0 _aDistant neighbours
_b Tale of the subcontinent
260 _aDelhi
_bVikas Pub. India
_c1972
300 _a252p.
_ccm.
490 _v Gen
650 _a Gen
650 _aIndia - Foreign relations - Pakistan
942 _hV2:1944Q7.N7, L2
_cTEXL
_2CC
999 _c1080003
_d1080003